Football Players who Changed Teams - Statistics

General Stats
  • This quiz has been taken 48 times
    46 since last reset
  • The average score is 20 of 24
Answer Stats
Year Teams Player % Correct
2024 Paris Saint-Germain > Real Madrid Kylian Mbappé
98%
2017 Barcelona > Paris Saint-Germain Neymar
98%
2009 Manchester United -> Real Madrid Christiano Ronaldo
93%
2007 Real Madrid > Los Angeles Galaxy David Beckham
93%
1973 Ajax > Barcelona Johan Cruyff
93%
2015 Wolfsburg > Manchester City Kevin De Bruyne
93%
2000 Barcelona > Real Madrid Luis Figo
93%
1997 Barcelona > Inter Milan Ronaldo
93%
1984 Barcelona > Napoli Diego Maradona
91%
2013 Tottenham > Real Madrid Gareth Bale
91%
2003 Paris Saint-Germain > Barcelona Ronaldinho
88%
2021 Barcelona > Paris Saint-Germain Lionel Messi
86%
1975 Santos > New York Cosmos Pelé
86%
2003 São Paulo > AC Milan Kaká
84%
2014 Liverpool > Barcelona Luis Suárez
84%
2001 Parma > Juventus Gianluigi Buffon
81%
2001 Juventus > Real Madrid Zinedine Zidane
79%
1999 Juventus > Arsenal Thierry Henry
77%
1977 Bayern Munich > New York Cosmos Franz Beckenbauer
74%
1987 Ajax > AC Milan Marco van Basten
74%
1987 PSV Eindhoven > AC Milan Ruud Gullit
72%
1992 Southampton > Blackburn Rovers Alan Shearer
70%
1990 Fiorentina > Juventus Roberto Baggio
53%
1992 Leeds United > Manchester United Eric Cantona
44%
No matching quizzes found
Score Distribution
Percent of People with Each Score
Percentile by Number Answered
Your Score History
You have not taken this quiz since the last reset